000 00289nam a22001217a 4500
008 180314b xxu||||| |||| 00| 0 eng d
041 _aeng
080 _a030
100 _a24
101 _agju
245 _awebsters seventh new collegiate dictionary
_cmerriam.g..c
942 _2udc
_cBK
999 _c44939
_d44939